Datum a čas kvízu
27
Celkem bodů
Celkový počet nahraných bodů na tomto kvízu bez doplňovacích otázek.
4.
Pořadí na kvízu
Konečné umístění týmu na tomto kvízu.
Zaznamenané odpovědi
| # | Otázka | Odpověď | Body | Výsledky |
|---|---|---|---|---|
| 1. | Prvním jménem na českém vnitro... | Kirill | 0 | |
| 2. | Prezident jisté asijské země b... | Jižní Korea | 1 | |
| 3. | V pondělí začal v New Yorku pr... | Ed Sheeran | 1 | |
| 4. | V úterý byl uskutečněn první p... | z Japonska | 0 | |
| 5. | Vstřelit sám čtyři góly do sít... | Girona FC | 0 | |
| 6. | Pojďme zavzpomínat na filmy a... | Zkrocená hora | 1 | |
| 7. | Poslední díl seriálu Přátelé b... | Kde? | 1 | |
| 8. | Tato smutná scéna z Nekonečnéh... | Michael Ende | 1 | |
| 9. | Ze kterého seriálu je tato scé... | Peaky Blinders (Gangy z Birminghamu) | 1 | |
| 10. | Film Želary se do tohoto témat... | Květa Legátová (vl. jm. Věra Hofmanová); Joza (Josef) | 0 |